00466nam a2200145Ia 4500003000400000008004100004040001600045082001500061100001900076245014100095260004000236650001300276650001800289650001300307GCL140319s9999 xx 000 0 eng d aGCL / cGCL04a696.1bW C1 aWOODSON, R. D.10aTHE COMPLETE GUIDE TO HOME PLUMBING REPAIR AND REPLACEMENT: A PRACTICAL HANDBOOK TO (ALMOST ALWAYS) DOING IT YOURSELF / cWOODSON, R. D. a[S.N] : bBETTERWAY BOOKS ، c199204aPLUMBING04aHOME PLUMBING04aFIXTURES